000 00892nam a22001937a 4500
003 BR-ViAPE
005 20260422124818.0
008 260422s1922 por gs||||s000 0 por d
040 _cBR-ViAPE
110 _aEspírito Santo
_bEstado
245 _aMensagem apresentada pelo Presidente Nestor Gomes ao Congresso Legislativo do Estado do Espírito Santo, em 7 de setembro de 1922
260 _aVitória
_bOfficinas da Imprensa Estadual
_c1922
300 _a75 p.
_bDocumento digitalizado (PDF)
500 _aDocumento digitalizado do acervo institucional do Arquivo Público do Estado do Espírito Santo - APEES.
650 _aAdministração pública
_zEspírito Santo
651 _aEspírito Santo
_xAdministração pública
856 _uhttps://ape.es.gov.br/Media/ape/PDF/Mensagens/Mensagem-2024/Mensagem%20-%20ano%201922.pdf
_yCLIQUE AQUI PARA ACESSAR O DOCUMENTO
942 _2ddc
_cMSGREL
_n1
999 _c558
_d558